| 000 | 00000nam 2200000za 4500 |
| 001 | 9.621697 |
| 003 | CaOODSP |
| 005 | 20200729152813 |
| 007 | ta |
| 008 | 150406|1994||||xxc||||| f|0| 0 fre d |
| 020 | |a0-662-97675-4 |
| 022 | |a0713-2832 |
| 040 | |aCaOODSP|bfre |
| 043 | |an-cn--- |
| 086 | 1 |aEn36-502/196F |
| 110 | 1 |aCanada. |bService de la conservation de l'environnement. |
| 245 | 10|aModélisation de la qualité des eaux du cours supérieur de la rivière Saint-Jean : |bétude comparative / |cpar H. Cheng et D. Lockerbie. |
| 260 | |aOttawa - Ontario : |bEnvironnement Canada. |c1994. |
| 300 | |av, 28p. : |bfigures, graphiques, références, tableaux ; |c28 cm. |
| 490 | 1 |aSérie scientifique, étude|x0713-2832|v196 |
| 500 | |a«Dans cette étude comparée, on s'est servi de deux modèles informatiques: le modèle hydrodynamique unidimensionnel (1-D) d'Environnement Canada et le modèle de la qualité des eaux QUAL-IIe de la U.S. Environmental Protection Agency (U.S. EPA).»--Résumé. N.B.: Le numéro de catalogue (En 37-105/1994F) imprimé dans cette publication est incorrect. |
| 520 | 3 |aDans cette étude comparée, on s'est servi de deux modèles informatiques: le modèle hydrodynamique unidimensionnel (1-D) d'Environnement Canada et le modèle de la qualité des eaux QUAL-IIe de la U.S. Environmental Protection Agency (U.S. EPA).--Résumé |
| 546 | |aAbstracts in English |
| 563 | |aCouverture souple |
| 590 | |a94-16|b1994-04-22 |
| 691 | 07|aQualité de l'eau|2gcpds |
| 720 | 1 |aCheng, H. |
| 720 | 1 |aLockerbie, D. |
| 776 | 0#|tModélisation de la qualité des eaux du cours supérieur de la rivière Saint-Jean |w(CaOODSP)9.855113 |
| 830 | #0|aSérie scientifique, étude,|x0713-2832|v196|w(CaOODSP)9.512960 |